[Event "Bagneux (FRA) 8e IM"]
[Site "?"]
[Date "2000.07.06"]
[Round "1.1"]
[White "Vallin, Guillaume"]
[Black "Bartha, Sandor"]
[Result "1-0"]
[WhiteElo "2399"]
[BlackElo "2212"]
[PlyCount "81"]
[EventDate "2000.07.06"]

1. d4 d5 2. c4 c6 3. Nc3 Nf6 4. e3 e6 5. Nf3 Be7 6. Bd3 dxc4 7. Bxc4 b5 8. Bd3
a6 9. O-O c5 10. dxc5 Bxc5 11. e4 Bb7 12. e5 Nd5 13. Ne4 Nd7 14. a3 h6 15. Re1
Qb6 16. b4 Be7 17. Bb2 O-O 18. Bd4 Qd8 19. Qd2 Rc8 20. h3 N7b6 21. Nc5 Bxc5 22.
Bxc5 Re8 23. Re4 f5 24. exf6 Nxf6 25. Rd4 Bd5 26. Bg6 Nc4 27. Qc3 e5 28. Rdd1
Qc7 29. Bxe8 Rxe8 30. Nd2 Qf7 31. Nxc4 bxc4 32. Rac1 Qb7 33. Rxd5 Nxd5 34. Qxc4
Kh8 35. Qe4 Qf7 36. Re1 Nf6 37. Qd3 Qb7 38. Rd1 Qc6 39. Qg6 Qa4 40. Rd6 Ra8 41.
Rxf6 1-0

[Event "Bagneux (FRA) 8e IM"]
[Site "?"]
[Date "2000.07.06"]
[Round "1.2"]
[White "Boudre, Jean-Pierre"]
[Black "Peyrat, Olivier"]
[Result "1/2-1/2"]
[WhiteElo "2360"]
[BlackElo "2367"]
[PlyCount "154"]
[EventDate "2000.07.06"]

1. e4 c6 2. d4 d5 3. exd5 cxd5 4. c4 Nf6 5. Nc3 g6 6. cxd5 Nxd5 7. Qb3 Nb6 8.
Be3 Bg7 9. d5 O-O 10. Rd1 N8d7 11. Nf3 Nf6 12. Be2 Bg4 13. h3 Bxf3 14. Bxf3 Ne8
15. O-O Nd6 16. Rfe1 Re8 17. Bg4 h5 18. Be2 Rc8 19. Nb5 Nxb5 20. Bxb5 Rf8 21.
Bg5 Bf6 22. Bxf6 exf6 23. d6 Rc5 24. Re7 Nc8 25. Rxb7 Nxd6 26. Rd7 Qa5 27. Bd3
Nf5 28. Bc4 Nh6 29. Rb7 Re5 30. Qb4 Qxb4 31. Rxb4 Rfe8 32. Kf1 R8e7 33. Rb5 Nf5
34. g3 Kg7 35. h4 Nh6 36. b4 Re4 37. Bb3 Re2 38. Rbd5 Ng4 39. R5d2 R2e4 40. a3
R4e5 41. Bd5 f5 42. Bc4 Rc7 43. Bb3 Nf6 44. Rd3 a5 45. bxa5 Rxa5 46. a4 Raa7
47. f3 Rcb7 48. Kf2 Rb4 49. Rc3 f4 50. gxf4 Rxf4 51. Kg3 Rb4 52. Ra1 Ra5 53.
Ra3 Ng8 54. Rc4 Rb7 55. Bc2 Ne7 56. Rb3 Nf5+ 57. Kf2 Rxb3 58. Bxb3 Ra7 59. Rb4
Kf6 60. Bc2 Nd6 61. Bd3 Ke5 62. Be4 Ra5 63. Ke3 Rc5 64. Bd3 Rc3 65. a5 Ra3 66.
a6 Nf5+ 67. Kd2 Nd4 68. f4+ Kd5 69. Rb7 Nb3+ 70. Kc2 Nc5 71. Kb2 Ra5 72. Bf1
Nxa6 73. Rxf7 Nc5 74. Rf6 Ra4 75. Rxg6 Rxf4 76. Be2 Rxh4 77. Bxh5 Rxh5 1/2-1/2

[Event "Bagneux (FRA) 8e IM"]
[Site "?"]
[Date "2000.07.06"]
[Round "1.3"]
[White "Grimberg, Gilbert"]
[Black "Gyorkos, Lajos"]
[Result "1/2-1/2"]
[WhiteElo "2319"]
[BlackElo "2380"]
[PlyCount "79"]
[EventDate "2000.07.06"]

1. e4 c5 2. Nc3 Nc6 3. g3 g6 4. Bg2 Bg7 5. d3 d6 6. Be3 e5 7. Qd2 Nge7 8. h4
Nd4 9. h5 Be6 10. Nd1 Nec6 11. c3 Nb5 12. Nf3 Bg4 13. Bh6 Bf6 14. Ne3 Be6 15.
Bh3 Bxh3 16. Rxh3 Nc7 17. Ng4 Ne6 18. O-O-O Be7 19. Be3 Qa5 20. Kb1 f5 21. Nh6
Rf8 22. hxg6 hxg6 23. Ng5 Nxg5 24. Bxg5 O-O-O 25. exf5 gxf5 26. Bxe7 Nxe7 27.
Qg5 Qc7 28. Rh5 Qd7 29. f4 Rde8 30. fxe5 dxe5 31. g4 c4 32. Qe3 fxg4 33. Rxe5
Nc6 34. Rxe8+ Rxe8 35. Qf4 Ne5 36. d4 Nd3 37. Qxg4 Qxg4 38. Nxg4 Re4 39. Ne5
Nxe5 40. dxe5 1/2-1/2

[Event "Bagneux (FRA) 8e IM"]
[Site "?"]
[Date "2000.07.06"]
[Round "1.4"]
[White "Leroy, Didier"]
[Black "Le Quang, Kim"]
[Result "0-1"]
[WhiteElo "2378"]
[BlackElo "2348"]
[PlyCount "86"]
[EventDate "2000.07.06"]

1. d4 Nf6 2. Bg5 Ne4 3. Bf4 c5 4. f3 Qa5+ 5. c3 Nf6 6. Nd2 cxd4 7. Nb3 Qb6 8.
Qxd4 Nc6 9. Qxb6 axb6 10. Nd4 e5 11. Nxc6 exf4 12. Nd4 Nd5 13. e4 Ne3 14. Nh3
Bd6 15. Kd2 O-O 16. Nf2 Be5 17. Nc2 Nxf1+ 18. Rhxf1 d6 19. Nb4 Be6 20. Kc2 f5
21. Rfd1 fxe4 22. Nxe4 Bf5 23. Nd5 Bxe4+ 24. fxe4 f3 25. Rd2 fxg2 26. Rxg2 Ra4
27. Re2 b5 28. Kb3 Rc4 29. a4 Rxa4 30. Rxa4 bxa4+ 31. Kxa4 Rf1 32. Kb5 Rh1 33.
Kb6 Rxh2 34. Rxh2 Bxh2 35. Kxb7 h5 36. b4 h4 37. b5 h3 38. b6 Bg1 39. Ne7+ Kf7
40. Nf5 Bf2 41. Kc7 h2 42. b7 Ba7 43. Ng3 Ke6 0-1

[Event "Bagneux (FRA) 8e IM"]
[Site "?"]
[Date "2000.07.06"]
[Round "1.5"]
[White "Gollain, Marc"]
[Black "Sinkovics, Peter"]
[Result "1/2-1/2"]
[WhiteElo "2240"]
[BlackElo "2336"]
[PlyCount "99"]
[EventDate "2000.07.06"]

1. e4 e5 2. Nf3 Nc6 3. Bb5 Nf6 4. O-O Nxe4 5. d4 Nd6 6. Bxc6 dxc6 7. dxe5 Nf5
8. Qxd8+ Kxd8 9. Nc3 Ke8 10. h3 Bb4 11. Ne4 Be6 12. c3 Bd5 13. Re1 Be7 14. Bf4
h5 15. b3 Rd8 16. Rad1 Rd7 17. Neg5 Rh6 18. c4 Bxf3 19. Nxf3 Rg6 20. Kf1 c5 21.
Rd5 Nd4 22. Nxd4 cxd4 23. Rd1 c5 24. g3 Ra6 25. a4 Re6 26. h4 a6 27. Kg2 b5 28.
axb5 axb5 29. Ra1 bxc4 30. bxc4 Rd8 31. Ra7 Rc6 32. Rxd8+ Bxd8 33. Kf3 Be7 34.
Ke4 Rc8 35. Rb7 Rd8 36. Kd3 Kf8 37. Ra7 Re8 38. Rc7 Kg8 39. Rc6 Bf8 40. Rc7 Ra8
41. Bg5 Re8 42. Bf4 f6 43. exf6 gxf6 44. Rd7 Re1 45. Rd5 Rf1 46. Ke2 Ra1 47.
Bd2 Ra4 48. Kd3 Ra3+ 49. Ke2 Ra4 50. Kd3 1/2-1/2

[Event "Bagneux (FRA) 8e IM"]
[Site "?"]
[Date "2000.07.07"]
[Round "2.1"]
[White "Bartha, Sandor"]
[Black "Sinkovics, Peter"]
[Result "1/2-1/2"]
[WhiteElo "2212"]
[BlackElo "2336"]
[PlyCount "31"]
[EventDate "2000.07.06"]

1. d4 d5 2. c4 c6 3. cxd5 cxd5 4. Nc3 Nf6 5. e3 Nc6 6. Bd3 g6 7. Nf3 Bg7 8. O-O
O-O 9. Bd2 Bg4 10. Bb5 Ne4 11. h3 Bxf3 12. gxf3 Nxd2 13. Qxd2 Rc8 14. f4 e6 15.
Kh2 Ne7 16. Rac1 1/2-1/2

[Event "Bagneux (FRA) 8e IM"]
[Site "?"]
[Date "2000.07.07"]
[Round "2.2"]
[White "Le Quang, Kim"]
[Black "Gollain, Marc"]
[Result "1/2-1/2"]
[WhiteElo "2348"]
[BlackElo "2240"]
[PlyCount "78"]
[EventDate "2000.07.06"]

1. e4 c5 2. Nf3 e6 3. d4 cxd4 4. Nxd4 a6 5. Bd3 Qc7 6. Qe2 d6 7. O-O g6 8. Nd2
Bg7 9. N2f3 Ne7 10. c4 O-O 11. Bd2 Nbc6 12. Bc3 e5 13. Nc2 f5 14. Ne3 Nd4 15.
Bxd4 exd4 16. Nd5 Nxd5 17. exd5 Bd7 18. Qd2 b5 19. cxb5 axb5 20. Bc2 Qc5 21.
Bb3 Rfe8 22. Rfd1 Re4 23. Rac1 Qb6 24. Bc2 Re7 25. a3 Rae8 26. Bd3 Qb7 27. Bf1
Re4 28. Bd3 R4e7 29. Bf1 Qxd5 30. Nxd4 Re4 31. Nf3 Qxd2 32. Nxd2 Rd4 33. Nf3
Rxd1 34. Rxd1 Bxb2 35. Rxd6 Re7 36. Rb6 Bxa3 37. Bxb5 Bxb5 38. Rxb5 Rc7 39. g3
Be7 1/2-1/2

[Event "Bagneux (FRA) 8e IM"]
[Site "?"]
[Date "2000.07.07"]
[Round "2.3"]
[White "Gyorkos, Lajos"]
[Black "Leroy, Didier"]
[Result "1-0"]
[WhiteElo "2380"]
[BlackElo "2378"]
[PlyCount "113"]
[EventDate "2000.07.06"]

1. Nf3 d5 2. c4 e6 3. g3 Nf6 4. Bg2 a6 5. b3 Be7 6. O-O O-O 7. Bb2 Nbd7 8. Nc3
c5 9. cxd5 exd5 10. d4 Re8 11. Rc1 Bf8 12. e3 Rb8 13. dxc5 Nxc5 14. Ne2 Bf5 15.
Nf4 Be4 16. h4 h6 17. Ne1 Ncd7 18. Bh3 Ne5 19. Nfd3 Nc6 20. Nc5 Qb6 21. Na4 Qd8
22. Bg2 Ne5 23. Nc5 Qa5 24. Ned3 Nxd3 25. Nxd3 Nd7 26. a3 Rbd8 27. Nf4 Ne5 28.
b4 Qb5 29. Bxe5 Rxe5 30. Ne2 Qb6 31. Qd4 Qd6 32. Rfd1 g6 33. Bxe4 dxe4 34. Qxd6
Rxd6 35. Rxd6 Bxd6 36. Rd1 Bf8 37. Rd8 a5 38. Nc3 axb4 39. axb4 Kg7 40. Rd4 f5
41. Kf1 Re8 42. Ke2 Kf6 43. Nd5+ Ke5 44. Nf4 Kf6 45. h5 gxh5 46. Nxh5+ Kg5 47.
Nf4 b5 48. Kf1 Be7 49. Kg2 Rc8 50. Rd5 Bxb4 51. Rxb5 Be7 52. Rb7 Bf6 53. Rb6
Rh8 54. Kh3 h5 55. Ng2 Bg7 56. Nh4 Rh6 57. f4+ 1-0

[Event "Bagneux (FRA) 8e IM"]
[Site "?"]
[Date "2000.07.07"]
[Round "2.4"]
[White "Peyrat, Olivier"]
[Black "Grimberg, Gilbert"]
[Result "1-0"]
[WhiteElo "2367"]
[BlackElo "2319"]
[PlyCount "185"]
[EventDate "2000.07.06"]

1. c4 b6 2. Nc3 Bb7 3. e4 c5 4. g3 d6 5. Bg2 g6 6. Nge2 Bg7 7. O-O Nd7 8. d4
cxd4 9. Nxd4 Rc8 10. b3 Ba8 11. Bb2 Ngf6 12. Qe2 O-O 13. Rad1 a6 14. Rfe1 e6
15. Qd2 Qc7 16. h3 Rfd8 17. f4 Nc5 18. Qe3 Qb8 19. g4 Re8 20. g5 Nh5 21. Nde2
b5 22. cxb5 axb5 23. b4 Na6 24. a3 Rc4 25. Rd2 d5 26. e5 Nxf4 27. Nxf4 d4 28.
Rxd4 Rxd4 29. Qxd4 Bxg2 30. Nxg2 Rd8 31. Qe3 Nc7 32. Rd1 Rxd1+ 33. Nxd1 Nd5 34.
Qd4 h6 35. gxh6 Bxh6 36. Nde3 Ne7 37. Ng4 Bg7 38. N2e3 Qa8 39. Nf6+ Bxf6 40.
exf6 Nf5 41. Nxf5 exf5 42. Qe3 Qd5 43. Bd4 Kh7 44. Bc5 Qa2 45. Bd4 Qd5 46. Kh2
Qd6+ 47. Qe5 Qc6 48. Kg3 Qc4 49. Qe3 Qf1 50. Bc3 Qc4 51. Bd2 Kg8 52. Kf2 Qh4+
53. Ke2 Qc4+ 54. Kd1 Qa2 55. Qd3 Qa1+ 56. Bc1 Qe5 57. Qe3 Qd5+ 58. Kc2 Qa2+ 59.
Bb2 Qc4+ 60. Kd2 f4 61. Qd3 Qc6 62. Bd4 Qg2+ 63. Kc1 Qd5 64. Kd2 Qa2+ 65. Ke1
Qd5 66. Ke2 Qe6+ 67. Kf2 Qd5 68. Qd2 g5 69. h4 Qh1 70. hxg5 Qh2+ 71. Ke1 Qh1+
72. Ke2 Qg2+ 73. Kd3 Qxg5 74. Qe1 Qf5+ 75. Kd2 Qd5 76. Kd3 Qc4+ 77. Ke4 Qe6+
78. Be5 Qc4+ 79. Kf5 f3 80. Qg3+ Kf8 81. Bd6+ Ke8 82. Qe5+ Kd8 83. Be7+ Ke8 84.
Bc5+ Kd8 85. Qd6+ Kc8 86. Qc6+ Kb8 87. Bd6+ Ka7 88. Bc5+ Kb8 89. Qxf3 Qe6+ 90.
Kg5 Qe5+ 91. Kg4 Qe6+ 92. Kg3 Qe5+ 93. Qf4 1-0

[Event "Bagneux (FRA) 8e IM"]
[Site "?"]
[Date "2000.07.07"]
[Round "2.5"]
[White "Vallin, Guillaume"]
[Black "Boudre, Jean-Pierre"]
[Result "1-0"]
[WhiteElo "2399"]
[BlackElo "2360"]
[PlyCount "87"]
[EventDate "2000.07.06"]

1. d4 d5 2. c4 c6 3. Nc3 Nf6 4. e3 e6 5. Nf3 Nbd7 6. Bd3 dxc4 7. Bxc4 b5 8. Bd3
Bb7 9. e4 b4 10. Na4 c5 11. e5 Nd5 12. O-O cxd4 13. Re1 g6 14. Bg5 Qa5 15. Nxd4
Rc8 16. a3 a6 17. Be4 Bg7 18. axb4 Qxb4 19. Nc2 Qb3 20. Bd3 Nb4 21. Nxb4 Qxb4
22. Bd2 Qd4 23. Bc3 Qd5 24. Be4 Qb5 25. Bd3 Qd5 26. Be4 Qb5 27. Bxb7 Qxb7 28.
Qd6 Bf8 29. Qd3 Be7 30. Bd4 O-O 31. Nc3 Nc5 32. Bxc5 Rxc5 33. Qxa6 Qxa6 34.
Rxa6 Rb8 35. g3 Rxb2 36. Na4 Rcc2 37. Nxb2 Rxb2 38. Rc6 Kg7 39. Rd1 Re2 40. Rd7
Bb4 41. Rxe6 Bc5 42. Rf6 Rxe5 43. Rfxf7+ Kh6 44. Rxh7+ 1-0

[Event "Bagneux (FRA) 8e IM"]
[Site "?"]
[Date "2000.07.08"]
[Round "3.1"]
[White "Boudre, Jean-Pierre"]
[Black "Bartha, Sandor"]
[Result "1-0"]
[WhiteElo "2360"]
[BlackElo "2212"]
[PlyCount "81"]
[EventDate "2000.07.06"]

1. e4 e6 2. d4 b6 3. Bd3 Bb7 4. Nf3 c5 5. O-O cxd4 6. Nxd4 Nc6 7. Nxc6 dxc6 8.
Qe2 Qc7 9. f4 h5 10. Nc3 Bb4 11. Bd2 Bxc3 12. Bxc3 Nf6 13. a4 a6 14. Ra3 c5 15.
Bxf6 gxf6 16. Bc4 Qc6 17. Bd5 Qd7 18. Bxb7 Qxb7 19. Rd3 Ke7 20. e5 f5 21. Rfd1
Kf8 22. Qf2 Qe4 23. Qh4 Rh6 24. a5 bxa5 25. Rd7 Qe3+ 26. Qf2 Qxf2+ 27. Kxf2 Kg7
28. Rc7 Rhh8 29. Rdd7 Rhf8 30. b3 Rac8 31. Rxf7+ Rxf7 32. Rxc8 a4 33. bxa4 Rb7
34. Rxc5 Rb4 35. Rc7+ Kf8 36. Kg3 Rxa4 37. c4 Ra2 38. Ra7 a5 39. c5 a4 40. c6
Ke8 41. Ra8+ 1-0

[Event "Bagneux (FRA) 8e IM"]
[Site "?"]
[Date "2000.07.08"]
[Round "3.2"]
[White "Grimberg, Gilbert"]
[Black "Vallin, Guillaume"]
[Result "0-1"]
[WhiteElo "2319"]
[BlackElo "2399"]
[PlyCount "176"]
[EventDate "2000.07.06"]

1. c4 e6 2. Nf3 Nf6 3. g3 b6 4. Bg2 Bb7 5. O-O c5 6. Nc3 Be7 7. d4 cxd4 8. Qxd4
d6 9. Rd1 a6 10. Bg5 Nbd7 11. e4 Qc7 12. Bxf6 Nxf6 13. Rac1 Rc8 14. Na4 Bxe4
15. Qxb6 Qxb6 16. Nxb6 Rb8 17. Na4 O-O 18. Nd4 Rfc8 19. a3 Bxg2 20. Kxg2 a5 21.
Rd3 Nd7 22. Rb3 Bf6 23. Rxb8 Rxb8 24. Nc6 Ra8 25. Rd1 Ra6 26. Nd4 Nb6 27. Nxb6
Rxb6 28. b3 Bxd4 29. Rxd4 Rxb3 30. Rxd6 Kf8 31. c5 Rxa3 32. c6 Rc3 33. Rd8+ Ke7
34. Rd7+ Kf6 35. Ra7 Rxc6 36. Rxa5 g5 37. h3 Kg6 38. g4 Rd6 39. Ra8 Kg7 40. Kg3
Rd3+ 41. Kg2 Rd6 42. Ra5 Kg6 43. Ra8 f5 44. Rg8+ Kf6 45. gxf5 exf5 46. Rf8+ Ke5
47. Re8+ Re6 48. Rh8 h6 49. Ra8 Kf6 50. Ra3 Kg6 51. Rb3 Kh5 52. Rb5 f4 53. Rb3
Kh4 54. Ra3 h5 55. Rb3 Re2 56. Ra3 Rb2 57. Rc3 g4 58. hxg4 hxg4 59. Kg1 Rb1+
60. Kh2 Rb2 61. Kg1 f3 62. Rc8 Rb1+ 63. Kh2 Rf1 64. Rh8+ Kg5 65. Rg8+ Kf5 66.
Rf8+ Ke5 67. Re8+ Kf4 68. Rf8+ Ke4 69. Re8+ Kd3 70. Kg3 Rg1+ 71. Kf4 Rg2 72.
Re7 Kd2 73. Re8 Rxf2 74. Kxg4 Re2 75. Rd8+ Ke3 76. Kg3 Rg2+ 77. Kh3 Rg7 78. Kh2
Re7 79. Ra8 Kf2 80. Ra2+ Re2 81. Ra1 Re3 82. Ra4 Kf1 83. Ra1+ Re1 84. Ra3 f2
85. Ra2 Rb1 86. Kg3 Rb3+ 87. Kh2 Rd3 88. Rb2 Ke1 0-1

[Event "Bagneux (FRA) 8e IM"]
[Site "?"]
[Date "2000.07.08"]
[Round "3.3"]
[White "Leroy, Didier"]
[Black "Peyrat, Olivier"]
[Result "1-0"]
[WhiteElo "2378"]
[BlackElo "2367"]
[PlyCount "75"]
[EventDate "2000.07.06"]

1. d4 d6 2. e4 Nf6 3. Nc3 Nbd7 4. h3 e5 5. g4 h6 6. Nge2 c6 7. Bg2 b5 8. a3 Bb7
9. O-O Qc7 10. Be3 Be7 11. Qd2 a6 12. Ng3 g5 13. Nf5 Bf8 14. Na2 c5 15. d5 Ng8
16. Rfb1 Ne7 17. Bf1 Nxf5 18. exf5 Nb6 19. Nc3 b4 20. axb4 cxb4 21. Bxb6 Qxb6
22. Ne4 Be7 23. f6 Bd8 24. c3 Rg8 25. Ra4 bxc3 26. Qd1 c2 27. Qxc2 Rg6 28. Qd2
a5 29. b4 Bxf6 30. Bb5+ Ke7 31. bxa5 Qd8 32. a6 Bc8 33. a7 Qc7 34. Qa5 Qxa5 35.
Rxa5 Rg8 36. Bc6 Bd7 37. Rb7 Rgd8 38. Rxd7+ 1-0

[Event "Bagneux (FRA) 8e IM"]
[Site "?"]
[Date "2000.07.08"]
[Round "3.4"]
[White "Gollain, Marc"]
[Black "Gyorkos, Lajos"]
[Result "0-1"]
[WhiteElo "2240"]
[BlackElo "2380"]
[PlyCount "114"]
[EventDate "2000.07.06"]

1. e4 c5 2. Nf3 e6 3. d4 cxd4 4. Nxd4 Qb6 5. Nb3 Qc7 6. Bd3 a6 7. O-O Nf6 8. f4
d6 9. Nc3 b5 10. e5 dxe5 11. fxe5 Nd5 12. Nxd5 exd5 13. a4 b4 14. Bf4 Be6 15.
a5 Nc6 16. Qe2 Be7 17. Kh1 Qc8 18. Bg3 O-O 19. Rfe1 Re8 20. Qf2 Bf8 21. Qf1 g6
22. Bh4 Nb8 23. Qf4 Nd7 24. Bg3 Nc5 25. Nxc5 Bxc5 26. Bh4 Qc7 27. Bf6 Be7 28.
Qh4 Qc5 29. Rf1 Bxf6 30. exf6 d4 31. Rf4 b3 32. Rxd4 bxc2 33. Bxc2 h5 34. Qf4
Kh7 35. Qd2 Rac8 36. Bd3 Rc6 37. Be4 Rc7 38. b4 Qe5 39. Rf1 Rec8 40. Bd3 Bc4
41. Bxc4 Rxc4 42. Rxc4 Rxc4 43. h3 Rd4 44. Qc3 Qd6 45. Qb3 Qd7 46. Qe3 Rd3 47.
Qf4 Qd5 48. Kh2 Rd4 49. Qb8 Rd2 50. Qg3 Rb2 51. Rf2 Rxb4 52. Qc7 Rb7 53. Qc3
Rb5 54. Qa3 Qe5+ 55. Kg1 Rb1+ 56. Rf1 Qd4+ 57. Kh2 Rxf1 0-1

[Event "Bagneux (FRA) 8e IM"]
[Site "?"]
[Date "2000.07.08"]
[Round "3.5"]
[White "Sinkovics, Peter"]
[Black "Le Quang, Kim"]
[Result "1/2-1/2"]
[WhiteElo "2336"]
[BlackElo "2348"]
[PlyCount "102"]
[EventDate "2000.07.06"]

1. d4 Nf6 2. c4 g6 3. Nc3 Bg7 4. e4 d6 5. Be2 O-O 6. Nf3 e5 7. O-O Nc6 8. d5
Ne7 9. Nd2 a5 10. a3 Bd7 11. b3 c6 12. Bb2 c5 13. Nb5 Ne8 14. f4 f5 15. fxe5
dxe5 16. g4 Nc8 17. exf5 gxf5 18. gxf5 Bxf5 19. Kh1 Ra6 20. Bg4 Ncd6 21. Nxd6
Nxd6 22. Qe2 Qh4 23. Rg1 Bg6 24. Be6+ Kh8 25. Bxe5 Bxe5 26. Qxe5+ Qf6 27. Qxf6+
Rxf6 28. Rgf1 Kg7 29. Rxf6 Kxf6 30. Re1 Kg5 31. Bd7 Rb6 32. Kg2 Kf4 33. Kf2 Nf7
34. Re6 Nd6 35. Ba4 Bf5 36. Re7 Nc8 37. Rc7 Rh6 38. Nf1 Nd6 39. Ke1 Bd3 40.
Rxc5 Rg6 41. Ng3 Rh6 42. Kd2 Bg6 43. Ne2+ Kf3 44. Nd4+ Ke4 45. Nb5 Rxh2+ 46.
Kc1 Ke3 47. b4 Ne4 48. Rc7 Rh1+ 49. Kb2 Rh2+ 50. Kc1 Rh1+ 51. Kb2 Rh2+ 1/2-1/2

[Event "Bagneux (FRA) 8e IM"]
[Site "?"]
[Date "2000.07.09"]
[Round "4.1"]
[White "Bartha, Sandor"]
[Black "Le Quang, Kim"]
[Result "0-1"]
[WhiteElo "2212"]
[BlackElo "2348"]
[PlyCount "60"]
[EventDate "2000.07.06"]

1. d4 Nf6 2. g3 g6 3. Bg2 Bg7 4. Nf3 O-O 5. O-O d6 6. b3 e5 7. dxe5 Nfd7 8. Bb2
dxe5 9. e4 a5 10. Nbd2 a4 11. Nc4 Nc6 12. a3 b5 13. Ne3 Bb7 14. b4 Nb6 15. Qxd8
Raxd8 16. Rad1 Nd4 17. Nd2 Bh6 18. Bxd4 Rxd4 19. Nb1 Rfd8 20. Rxd4 exd4 21. Nd1
Nc4 22. f4 c5 23. bxc5 Bf8 24. Nf2 Bxc5 25. Nd3 Bxa3 26. Nxa3 Nxa3 27. Rc1 Rc8
28. Ne1 b4 29. Ra1 Rc3 30. Kf2 b3 0-1

[Event "Bagneux (FRA) 8e IM"]
[Site "?"]
[Date "2000.07.09"]
[Round "4.2"]
[White "Gyorkos, Lajos"]
[Black "Sinkovics, Peter"]
[Result "1/2-1/2"]
[WhiteElo "2380"]
[BlackElo "2336"]
[PlyCount "39"]
[EventDate "2000.07.06"]

1. d4 c5 2. Nf3 cxd4 3. Nxd4 g6 4. e4 Bg7 5. Nc3 Nc6 6. Nb3 Nf6 7. Be2 d6 8.
O-O O-O 9. Kh1 Bd7 10. Bg5 Rc8 11. f4 a6 12. a4 Re8 13. Bf3 Be6 14. Re1 Na5 15.
Nxa5 Qxa5 16. Nd5 Nxd5 17. exd5 Bf5 18. c3 Qd8 19. Bh4 h5 20. Qb3 1/2-1/2

[Event "Bagneux (FRA) 8e IM"]
[Site "?"]
[Date "2000.07.09"]
[Round "4.3"]
[White "Peyrat, Olivier"]
[Black "Gollain, Marc"]
[Result "1-0"]
[WhiteElo "2367"]
[BlackElo "2240"]
[PlyCount "163"]
[EventDate "2000.07.06"]

1. c4 e5 2. g3 Nc6 3. Bg2 g6 4. Nc3 Bg7 5. e4 d6 6. Nge2 Nge7 7. d3 Be6 8. Nd5
h6 9. Be3 Nd4 10. Nxd4 exd4 11. Bd2 c6 12. Nxe7 Qxe7 13. O-O O-O 14. a4 Qd7 15.
Qc1 Kh7 16. f4 f5 17. Re1 Rfe8 18. a5 Rac8 19. b3 Bf8 20. Qc2 Rb8 21. Rf1 Bg7
22. Rae1 Rbc8 23. Qd1 Kg8 24. Rf2 Rf8 25. Ref1 Rf7 26. Bc1 Kh8 27. Bb2 d5 28.
e5 dxc4 29. bxc4 Bf8 30. Qa4 Bc5 31. Ba3 Qe7 32. Bxc5 Qxc5 33. Rb1 Rcc7 34.
Rfb2 Kg7 35. Ra1 Rfe7 36. Qd1 Kf8 37. h3 h5 38. Bf3 Rh7 39. Rg2 Rcg7 40. Qa4
Rc7 41. Rf1 Rcf7 42. Qa1 Ke8 43. Qe1 Kd8 44. Ra2 Kc7 45. Qf2 Rh8 46. Rb1 Kc8
47. Bg2 Rc7 48. Qe2 Rch7 49. Qf3 Rc7 50. Rab2 Rhh7 51. Kh2 Rhf7 52. Ra1 Rh7 53.
Qf2 Rcf7 54. Bf3 Rfg7 55. Qe2 Re7 56. Qg2 Rc7 57. Qd2 Rcg7 58. Kg2 Rd7 59. Qb4
Qxb4 60. Rxb4 a6 61. Rab1 Rc7 62. Rb6 Rhd7 63. Kf2 Kd8 64. R6b4 Kc8 65. Ra1 Rd8
66. Raa4 Rcd7 67. Ra1 Rc7 68. Rb6 Rdd7 69. Rg1 Rh7 70. Ke2 Rh8 71. Kd2 Rd8 72.
Kc2 Re8 73. Kb3 Rd8 74. Kb4 c5+ 75. Ka3 Re7 76. Rgb1 Rdd7 77. Kb2 Rc7 78. Kc1
Rcd7 79. Kd2 Rc7 80. Ke1 Rcd7 81. Kf2 Rc7 82. Bd5 1-0

[Event "Bagneux (FRA) 8e IM"]
[Site "?"]
[Date "2000.07.09"]
[Round "4.4"]
[White "Vallin, Guillaume"]
[Black "Leroy, Didier"]
[Result "1/2-1/2"]
[WhiteElo "2399"]
[BlackElo "2378"]
[PlyCount "68"]
[EventDate "2000.07.06"]

1. d4 d5 2. c4 e6 3. Nc3 a6 4. cxd5 exd5 5. Bf4 c6 6. e3 Bd6 7. Bxd6 Qxd6 8.
Bd3 Ne7 9. Qc2 g6 10. Nf3 Bf5 11. O-O O-O 12. Bxf5 Nxf5 13. Na4 Nd7 14. Rfc1
Qe7 15. Nc5 Nd6 16. Nxd7 Qxd7 17. Ne5 Qe7 18. Qc5 Kg7 19. a4 f6 20. Nd3 g5 21.
Re1 Rfe8 22. b3 Qc7 23. Rac1 Re7 24. Qc2 Rae8 25. Nc5 Qc8 26. b4 h5 27. Qd3 h4
28. Nb3 h3 29. g3 Qg4 30. Nd2 Qh5 31. Kf1 f5 32. Qe2 g4 33. Qd3 Qf7 34. Kg1 Re6
1/2-1/2

[Event "Bagneux (FRA) 8e IM"]
[Site "?"]
[Date "2000.07.09"]
[Round "4.5"]
[White "Boudre, Jean-Pierre"]
[Black "Grimberg, Gilbert"]
[Result "1-0"]
[WhiteElo "2360"]
[BlackElo "2319"]
[PlyCount "71"]
[EventDate "2000.07.06"]

1. e4 d6 2. d4 Nf6 3. Nc3 g6 4. Bg5 c6 5. Qd2 b5 6. f3 b4 7. Nd1 a5 8. Bd3 Ba6
9. Nf2 Bg7 10. Ne2 O-O 11. O-O c5 12. c3 Nc6 13. Bxa6 Rxa6 14. Rad1 Qb6 15. f4
cxd4 16. cxd4 d5 17. Bxf6 exf6 18. e5 Raa8 19. Kh1 Rad8 20. Ng4 Ne7 21. exf6
Bxf6 22. f5 Nxf5 23. Nxf6+ Qxf6 24. g4 Qe6 25. gxf5 Qe4+ 26. Kg1 Qg4+ 27. Ng3
h5 28. Rf4 Qg5 29. fxg6 f5 30. Kh1 Rd6 31. g7 Rf7 32. Rdf1 Rg6 33. Qe2 h4 34.
Nxf5 h3 35. Qe8+ Kh7 36. Qh8# 1-0

[Event "Bagneux (FRA) 8e IM"]
[Site "?"]
[Date "2000.07.10"]
[Round "5.1"]
[White "Grimberg, Gilbert"]
[Black "Bartha, Sandor"]
[Result "1/2-1/2"]
[WhiteElo "2319"]
[BlackElo "2212"]
[PlyCount "26"]
[EventDate "2000.07.06"]

1. e4 e6 2. d3 b6 3. Nf3 Bb7 4. Be2 d5 5. exd5 Bxd5 6. O-O Nf6 7. Nc3 Bb7 8.
Bg5 Be7 9. Ne5 h6 10. Bh4 Nbd7 11. Nxd7 Qxd7 12. Bf3 Bxf3 13. Qxf3 O-O 1/2-1/2

[Event "Bagneux (FRA) 8e IM"]
[Site "?"]
[Date "2000.07.10"]
[Round "5.2"]
[White "Leroy, Didier"]
[Black "Boudre, Jean-Pierre"]
[Result "1-0"]
[WhiteElo "2378"]
[BlackElo "2360"]
[PlyCount "81"]
[EventDate "2000.07.06"]

1. e4 e5 2. Nf3 Nc6 3. d4 exd4 4. Nxd4 Qf6 5. Nb3 Qg6 6. Qe2 Nf6 7. e5 Nd5 8.
g3 Ndb4 9. Na3 a5 10. c3 a4 11. Nd2 Nc2+ 12. Nxc2 Qxc2 13. a3 b6 14. Bg2 Ba6
15. Be4 Bxe2 16. Bxc2 Bb5 17. f4 Na5 18. Ne4 Be7 19. Kf2 O-O-O 20. h4 f6 21.
exf6 gxf6 22. Be3 Bc6 23. Rhe1 Rde8 24. Bd4 Rhf8 25. Nxf6 Bxf6 26. Rxe8+ Rxe8
27. Bxf6 Nc4 28. Re1 Rf8 29. Bd4 h5 30. Bg6 Nxb2 31. Re8+ Rxe8 32. Bxe8 Nc4 33.
f5 Kd8 34. Bxh5 Nxa3 35. Bf6+ Kc8 36. Bf7 Be4 37. Be7 Nb5 38. g4 a3 39. h5 Nd6
40. Bxd6 cxd6 41. Ba2 1-0

[Event "Bagneux (FRA) 8e IM"]
[Site "?"]
[Date "2000.07.10"]
[Round "5.3"]
[White "Gollain, Marc"]
[Black "Vallin, Guillaume"]
[Result "1-0"]
[WhiteElo "2240"]
[BlackElo "2399"]
[PlyCount "89"]
[EventDate "2000.07.06"]

1. e4 e6 2. d4 d5 3. e5 c5 4. c3 Qb6 5. Nf3 Nc6 6. a3 c4 7. Nbd2 f6 8. Be2 Qc7
9. O-O fxe5 10. Nxe5 Nxe5 11. dxe5 Qxe5 12. Re1 Qd6 13. Bh5+ g6 14. Bf3 Nf6 15.
b3 cxb3 16. Qxb3 Bg7 17. a4 Qb6 18. Qa3 Bf8 19. Qa2 Bd6 20. a5 Qc7 21. Qa4+ Bd7
22. Rxe6+ Kf7 23. Rxf6+ Kxf6 24. Qh4+ Kg7 25. Bxd5 Bc6 26. Ne4 Bxh2+ 27. Kh1
Bxd5 28. Bh6+ Kf7 29. Ng5+ Kg8 30. Qxh2 Qxc3 31. Rd1 Re8 32. Qd6 Bc6 33. Qf4
Qb3 34. Rd6 Bd5 35. Rf6 Qd1+ 36. Kh2 Qh5+ 37. Nh3 Bf7 38. Rxf7 Qxh6 39. Qxh6
Kxf7 40. Qf4+ Ke6 41. Ng5+ Kd7 42. Qf7+ Kc6 43. Qc4+ Kd7 44. Qd4+ Ke7 45. Qg7+
1-0

[Event "Bagneux (FRA) 8e IM"]
[Site "?"]
[Date "2000.07.10"]
[Round "5.4"]
[White "Sinkovics, Peter"]
[Black "Peyrat, Olivier"]
[Result "0-1"]
[WhiteElo "2336"]
[BlackElo "2367"]
[PlyCount "188"]
[EventDate "2000.07.06"]

1. d4 d6 2. e4 Nf6 3. Nc3 Nbd7 4. Nf3 e5 5. Bc4 Be7 6. O-O O-O 7. h3 c6 8. dxe5
Nxe5 9. Be2 Nxf3+ 10. Bxf3 Nd7 11. g3 Re8 12. Bg2 Qc7 13. a4 b6 14. Re1 Bb7 15.
Be3 a6 16. Qd2 b5 17. axb5 axb5 18. Rad1 Bf8 19. f4 Nb6 20. b3 Rad8 21. Qf2 Nd7
22. Kh2 b4 23. Nb1 c5 24. Bc1 Ra8 25. Nd2 Nb6 26. Bb2 Ra2 27. Rb1 Bc6 28. c4
bxc3 29. Bxc3 Rd8 30. Ra1 Rxa1 31. Rxa1 Qb7 32. Ba5 Ra8 33. Bc3 Rxa1 34. Bxa1
Qa6 35. Qf1 Bb5 36. Qc1 Qa7 37. Nf3 Bc6 38. Nh4 Qa2 39. Qb2 Qxb2 40. Bxb2 g6
41. e5 d5 42. Nf3 Bb5 43. Kg1 Bd3 44. Ne1 Bb1 45. Bf3 Ba2 46. Bd1 c4 47. Bd4
Nd7 48. bxc4 dxc4 49. Bf3 Nc5 50. Bd5 Ne6 51. Bb6 Bb3 52. Kf2 Bc5+ 53. Bxc5
Nxc5 54. Ke3 Na4 55. Kd4 Nb6 56. Bc6 Kf8 57. Nf3 h5 58. Ng5 Ke7 59. Bb5 Ba2 60.
Ne4 Ke6 61. Nc5+ Ke7 62. Bc6 Bb1 63. g4 hxg4 64. hxg4 Bc2 65. Bf3 Bb1 66. Ne4
Bd3 67. Nf6 Bf1 68. Be4 Be2 69. Bc2 Ke6 70. f5+ gxf5 71. gxf5+ Ke7 72. Ne4 Bf1
73. Bd1 Bd3 74. f6+ Kf8 75. Nd6 Bg6 76. Bg4 Bh7 77. Bh5 Bg8 78. Kc3 Nd5+ 79.
Kxc4 Nf4 80. Bg4 Bh7 81. Kd4 Bb1 82. Ke3 Nd5+ 83. Kf3 Ba2 84. Bh5 Nc7 85. Ke3
Be6 86. Kd4 Nd5 87. Bf3 Nf4 88. Kc5 Nd3+ 89. Kd4 Nf4 90. Bd1 Ba2 91. Ke4 Ne6
92. Bg4 Nc7 93. Kd4 Be6 94. Kc5 Bxg4 0-1